Papers in algebra analysis and statistics

Αποθηκεύτηκε σε:
Λεπτομέρειες βιβλιογραφικής εγγραφής
Συγγραφή απο Οργανισμό/Αρχή: Australian Mathematical Society Summer Research Institute
Άλλοι συγγραφείς: Lidl, Rudolf (Επιμελητής έκδοσης)
Μορφή: Βιβλίο
Γλώσσα:English
Δημοσίευση: Providence, R.I. : American Mathematical Society, c1982.
Σειρά:Contemporary mathematics (American Mathematical Society) ; 9
Θέματα:
Ετικέτες: Προσθήκη ετικέτας
Δεν υπάρχουν, Καταχωρήστε ετικέτα πρώτοι!

MARC

LEADER 00000cam a2200000 i 4500
001 1/104574
008 000315s1982 riu ||| | eng||
020 |a 0821850091 
035 |l 10058889 
040 |a GR-MyUA  |b gre  |e AACR2 
041 0 |a eng 
082 0 |a 510 
110 2 |a Australian Mathematical Society  |b Summer Research Institute. 
245 1 0 |a Papers in algebra analysis and statistics /   |c [edited by R. Lidl].  
260 |a Providence, R.I. :   |b American Mathematical Society,   |c c1982.  
300 |a xv, 400 σ. :   |b εικ. ;   |c 26 εκ.  
490 1 |a (Contemporary mathematics - American Mathematical Society)   |v ; 9 
500 |a "Proceedings of the 21st Summer Research Institute, Australian Mathematical Society held at the University of Tasmania, Hobart, Australia, January 12-February 6, 1981". 
504 |a Includes bibliographical references 
650 0 0 |a Algebra  |x Congresses. 
650 0 0 |a Mathematical analysis  |x Congresses. 
650 0 0 |a Statistics  |x Congresses. 
700 1 |a Lidl, Rudolf,  |e edt 
830 0 |a Contemporary mathematics (American Mathematical Society) ;  |v  9 
852 |a INST  |b SAMOS  |e 20000315  |h 510 AUS  |p 005300018042  |q 005300018042  |t BK  |y 0 
901 |a BIBL3-2000-1 
909 |a Σ  |b 067714 
922 |a 3ΕΛΗ  |b 199911  |c ΕΠΕΑΕΚ/ΜΑΘ  |d ΠΑΠΑΣΩΤΗΡΙΟΥ 
970 |a ΚΟΣΙΕΡΗΣ  |b ΧΡΗΣΤΟΣ  |z 2000/03/15